| 000 | 00905nam a22002897a 4500 | ||
|---|---|---|---|
| 005 | 20220329141253.0 | ||
| 008 | 971010s1988 r 00010 d | ||
| 010 | _a65484 | ||
| 011 | _a66456 | ||
| 035 | _a74589 | ||
| 082 |
_a632.952 _bS54 |
||
| 100 | 0 | 0 |
_aSinha, A. P. _9106655 |
| 245 | _aSoil fungicides | ||
| 260 |
_aBoca Raton, Fla : _bCRC, _c1988 |
||
| 300 |
_a2 v. _b: ilus |
||
| 500 | _a1992/30 | ||
| 590 |
_aBATCH-UPD _b10 _c20130110 _lUCH01 _h0349 |
||
| 590 |
_aBATCH-UPD _b10 _c20130110 _lUCH01 _h2041 |
||
| 590 |
_aCONVERSION _b10 _c20130109 _lUCH01 _h1336 |
||
| 650 | 1 | 4 |
_aFungicidas. _944044 |
| 650 | 1 | 4 |
_aHongos en suelos. _956130 |
| 700 | 0 |
_aMukhopadhyay, A. N. _979409 |
|
| 700 | 0 |
_aSingh Kishon. _9106598 |
|
| 901 | _aBK | ||
| 949 |
_a632.952 S54 _bPA _cLIBRO _d-66253 _eLIBRO _fv.2 _gI.155433 _h1819 _i74589 _si |
||
| 949 |
_a632.952 S54 _bPA _cLIBRO _d-7462 _eLIBRO _fv.1 _gI.155432 _h1818 _i74589 _si |
||
| 999 |
_c65484 _d65484 |
||